| 000 | 00493nam a22001937a 4500 | ||
|---|---|---|---|
| 003 | NUST - PNEC | ||
| 005 | 20170116180905.0 | ||
| 008 | 150902b xxu||||| |||| 00| 0 eng d | ||
| 020 | _a0-471-84911-1 | ||
| 040 | _cLIBRARY | ||
| 082 | _a620.103 MER | ||
| 100 |
_96585 _aMeriam, J.L. |
||
| 245 |
_aEngineering Mechanics Volume 1 _cJ. L. Meriam and L.G. Kraige |
||
| 250 | _a2nd ed. | ||
| 260 | _c1987 | ||
| 300 | _a454p. | ||
| 650 |
_96590 _aMechanical Engineering _xME |
||
| 942 |
_2ddc _cBK |
||
| 999 |
_c65069 _d65069 |
||